| 000 | 00418nam a2200133 a 4500 | ||
|---|---|---|---|
| 001 | 000040359 | ||
| 005 | 20201002034100.0 | ||
| 008 | 130822s1964 ag 000 0 spa d | ||
| 040 |
_aDO-SdBNP _bspa _cBNPHU |
||
| 100 | 1 |
_aDhanapala, D. B. _966659 |
|
| 245 | 1 | 0 |
_aPinturas cingalesas en templos y santuarios / _cD. B. Dhanapala. |
| 260 |
_aBuenos Aires : _bEditorial Hermes, _c1964. |
||
| 300 |
_a23 p. +24 láminas ; _c19 cm. |
||
| 999 |
_c39849 _d39849 |
||